KPOP: BlackPink MV songs by release date - Statistics

General Stats
  • This quiz has been taken 2,319 times
    2,230 since last reset
  • The average score is 6 of 7
Answer Stats
Date Song % Correct
August 08, 2016 Boombayah
92%
April 4, 2019 Kill This Love
90%
August 08, 2016 Whistle
90%
October 31, 2016 Playing With Fire
78%
June 22, 2017 As If It's Your Last
77%
October 31, 2016 Stay
75%
June 15,2018 Ddu-Du Ddu-Du
71%
No matching quizzes found
Score Distribution
Percent of People with Each Score
Percentile by Number Answered
Your Score History
You have not taken this quiz since the last reset